Chùa Nhạn Sơn /

Guardat en:
Dades bibliogràfiques
Autor principal: Hà Hùng Tiến.
Format: Article
Idioma:Vietnamese
Matèries:
Etiquetes: Afegir etiqueta
Sense etiquetes, Sigues el primer a etiquetar aquest registre!
Thư viện lưu trữ: Thư viện Trường Đại học Đà Lạt
LEADER 00709nam a2200265 4500
001 DLU090101367
005 ##20091202
040 # # |a DLU  |b vie 
041 # # |a vie 
044 # # |a vn 
100 # # |a Hà Hùng Tiến. 
245 # # |a Chùa Nhạn Sơn /  |c Hà Hùng Tiến. 
653 # # |a Chùa Nhạn Sơn 
653 # # |a Di tích 
653 # # |a Kiến trúc tôn giáo 
773 # # |t Văn hoá Nghệ thuật  |g Số 8, 1977, tr. 30 
920 # # |a Phòng Tạp chí -- Trung tâm Thông tin - Thư viện Trường Đại học Đà Lạt 
994 # # |a DLU 
900 # # |a True 
911 # # |a Đào Thị Thu Huyền 
925 # # |a G 
926 # # |a A 
927 # # |a BB 
980 # # |a Thư viện Trường Đại học Đà Lạt